| 000 | 00732nam a22002297a 4500 | ||
|---|---|---|---|
| 003 | OSt | ||
| 005 | 20140310182101.0 | ||
| 008 | 130823t xxu||||| |||| 00| 0 eng d | ||
| 020 | _a9780736807081 | ||
| 050 |
_aGV 546.6.C45 _b.G43 2001 |
||
| 082 |
_aHS 613.7 _b.G26 2001 |
||
| 100 |
_aGedatus, Gustav Mark. _912778 |
||
| 245 |
_aWeight training / _cGus Gedatus. |
||
| 260 |
_aMinnesota : _bLife Matters, _cc2001. |
||
| 300 |
_a64 p. : _bill, ; _c24 cm. |
||
| 500 | _aincludes bibliographical references and index. | ||
| 541 | _j1 | ||
| 562 | _e1 | ||
| 650 |
_aWeight training for children. _xJuvenile literature. _912779 |
||
| 650 |
_aPhysical fitness for children. _xJuvenile literature. _912780 |
||
| 942 |
_2lcc _cHS |
||
| 999 |
_c9195 _d9195 |
||